Medical Vocabulary #20 - Statistics

General Stats
  • This quiz has been taken 54 times
  • The average score is 21 of 25
Answer Stats
Hint Answer % Correct
A group of tendons and muscles used to raise the arm from the side and rotate the shoulder. rotator cuff
95%
A temporary pause in breathing during sleep, lasting at least 10 seconds and associated with a fall in blood oxygen or arousal from sleep. sleep apnea
95%
Measurements that indicate how well the body is functioning, including pulse rate, respiration (breathing rate), temperature, and blood pressure. vital signs
95%
A colorless, disk-shaped cell in the blood that is necessary for clotting. platelet
93%
A prolonged reaction to a traumatic event, which can cause crippling anxiety and lead to other problems, such as sleep disturbances, depression, and substance abuse. post-traumatic stress disorder
93%
A female steroid hormone produced by the ovaries that prepares the uterine lining for pregnancy. progesterone
93%
A reaction that occurs when a person’s immune system recognizes a transplanted organ as a threatening substance and tries to rid the body of it. rejection
93%
A stretched or torn ligament. sprain
93%
Inflammation of the heart muscle. myocarditis
90%
A practice with its roots in Buddhism that encourages people to be more fully aware of the present moment. Often achieved through meditation. mindfulness
88%
High blood pressure that does not respond to drug therapy and lifestyle changes. resistant hypertension
88%
The innermost layer of the eye, which converts light energy to electrical energy and sends visual images to the brain via the optic nerve. retina
88%
A general feeling of illness that can be a sign of disease. malaise
85%
Acting without full attention to one's surroundings, behavior, or internal experience. mindlessness
83%
The smallest known infectious agent; unlike a virus or bacterium it is made entirely of protein and contains no nucleic acid or chromosomes. prion
83%
A condition in which the smallest blood vessels in the walls of the heart are narrowed or inelastic. microvascular disease
80%
Damage to the long nerves radiating from the spine to the arms and legs. peripheral neuropathy
80%
Excessive thirst. polydipsia
80%
Excessive urination. polyuria
80%
A condition in which an organ or other body part drops from its normal position. prolapse
80%
An interrelated set of brain regions that are all involved in recognizing, experiencing, and remembering pleasurable events. reward pathway
80%
A sensation of sparks or flashes of light across the visual field. photopsia
78%
Itching. pruritis
75%
Gradual loss of body functions caused by the biological aging process, which increases risk of disease, disability, and death. senescence
65%
A serious medical condition in which too little blood flows to the outer portions of the body, resulting in cold, sweaty skin; a weak pulse; irregular breathing; and dilated pupils. It can be caused by a loss of blood, severe heart problems, severe infections, allergic reactions, or drug overdoses. shock
45%
No matching quizzes found
Score Distribution
Percent of People with Each Score
Percentile by Number Answered
Your Score History
You have not taken this quiz